Irish Slang - Statistics

General Stats
  • This quiz has been taken 26 times
  • The average score is 7 of 10
Answer Stats
Question Answer % Correct
Craic Fun
100%
Eijit Fool
91%
Banjaxed Broken
87%
Deadly Cool
78%
Gaff House
70%
How’s She Cuttin How are you
70%
Acting the maggot Messing
61%
Gas Funny
57%
Grand Alright
48%
Locked Drunk
48%
No matching quizzes found
Score Distribution
Percent of People with Each Score
Percentile by Number Answered
Your Score History
You have not taken this quiz